000 00922cam a22002651i 4500
003 SA-RiAUC
005 20250205075530.0
008 240912s1968 sy g 00000 ara c
040 _aSA-RiAUC
_bara
_cSA-RiAUC
_erda
082 0 4 _a256
_qSA-RiAUC
090 _a254
_bن ا ر
100 1 _aنار، أحمد
_eمؤلف.
245 1 2 _aالقتال في الإسلام/
_cأحمد نار.
250 _aالطبعة الثانية.
264 1 _aحمص، سوريا :
_bالمكتبة الإسلامية،
_c1968
300 _a250 صفحة ؛
_c22 سم.
336 _aنص
_btxt
_2rdacontent
_3كتاب
337 _aبدون وسيط
_bn
_2rdamedia
338 _aمجلد
_bnc
_2rdacarrier
490 0 _aمن وحي القرآن الكريم
650 7 _aالجهاد في الإسلام
_2aucsh
650 7 _aالسير (فقه إسلامي)
_2aucsh
942 _2ddc
_cBOOK
949 _aSA-JeALM
_d240912
_umohamedma123
_n1
999 _c274
_d274